| 000 | 00657nam a22002057a 4500 | ||
|---|---|---|---|
| 999 |
_c19928 _d19928 |
||
| 003 | AR-CdUCM | ||
| 008 | 190523b ||||| |||| 00| 0 spa d | ||
| 040 |
_aMUNICIPALIDAD PROVINCIAL DEL CUSCO _cBIBLIOTECA MUNICIPAL DEL CUSCO |
||
| 082 |
_a635 / _bC28 |
||
| 100 |
_aCasal Terra, R. S. _941651 |
||
| 245 | _aLa huerta a su alcance / | ||
| 260 |
_aBuenos Aires : _bDalsa, _c1969. |
||
| 300 |
_a245 pƔginas ; _c26 cm. |
||
| 505 | _aContenido: Planificación de la huerta -- Cercos -- El suelo -- Labores de terreno... | ||
| 650 |
_aTierra _9337 |
||
| 650 |
_aRiego _921019 |
||
| 650 |
_aAbono _922968 |
||
| 942 |
_2ddc _cLIBROS |
||
| 945 |
_adavv _d2019-05-23. |
||